| 000 | 00339nam a2200133Ia 4500 | ||
|---|---|---|---|
| 008 | 191201s2013 xx 000 0 und d | ||
| 082 |
_a005.43 _bSIO |
||
| 100 | _aSILBERSCHATZ, Abraham | ||
| 245 | 0 | _aOperating Systems Concepts | |
| 250 | _aRep | ||
| 260 |
_c2013 _bWiley Dreautech India _aNEW DELHI |
||
| 300 | _a972 | ||
| 942 |
_2ddc _cBK _0117 |
||
| 999 |
_c7876 _d7876 |
||